Effect of Economic, Politics and Geopolitics Crisis on Herd Behaviour in an Emerging Market: Evidence from Borsa Istanbul

Článok skúma aj stádovité správanie počas hospodárskych a miestnych politických/geopolitických kríz a volebných období v Turecku, ktoré je nestabilnou ekonomikou. Podľa empirických výsledkov sa zistilo, že v Borsa Istanbul existuje stádové správanie a že stádo je pozorované na rastúcich aj klesajúci...

Full description

Saved in:
Bibliographic Details
Main Author: Yildirim, Durmuş
Other Authors: Eren, Miraç
Format: Book Chapter
Language:English
Subjects:
Tags: Add Tag
No Tags, Be the first to tag this record!

MARC

LEADER 00000naa a2200000 4500
001 0303352
005 20240802103422.6
041 0 |a eng 
044 |a SK 
245 1 0 |a Effect of Economic, Politics and Geopolitics Crisis on Herd Behaviour in an Emerging Market: Evidence from Borsa Istanbul  |c Durmuş Yildirim, Miraç Eren 
520 |a Článok skúma aj stádovité správanie počas hospodárskych a miestnych politických/geopolitických kríz a volebných období v Turecku, ktoré je nestabilnou ekonomikou. Podľa empirických výsledkov sa zistilo, že v Borsa Istanbul existuje stádové správanie a že stádo je pozorované na rastúcich aj klesajúcich trhoch, ktoré je silnejšie najmä na klesajúcich trhoch. 
610 2 0 |a trh burzový 
610 2 0 |a financie 
610 2 0 |a obyvateľstvo 
610 2 0 |a Turecko 
610 2 0 |a ekonomika 
100 1 |a Yildirim, Durmuş 
700 1 |a Eren, Miraç